000
00166nam a22000857a 4500
082
_a
823
100
_a
SHIKHABHAI SITAR
245
_a
FAIRY TALES FOR CHILDREN
942
_c
BK
999
_c
8205
_d
8205